000 00791cam a22002413a 4500
001 7962
003 PGUSA
005 20140828083151.0
008 050401s2005||||xxu|||||s|||||000 | eng d
040 _aPGUSA
_beng
042 _adc
050 4 _aD501
100 1 _aEmpey, Arthur Guy,
_d1883-1963
245 1 0 _a"Over the Top," by an American Soldier Who Went :
_bTogether with Tommy's Dictionary of the Trenches
_h[electronic resource] /
_cArthur Guy Empey
260 _bProject Gutenberg,
_c2005
506 _aPublic domain in the USA.
516 _aElectronic text
653 _aWorld War, 1914-1918 -- Personal narratives
653 _aEnglish language -- Slang -- Dictionaries
830 0 _aProject Gutenberg
_v7962
856 4 0 _uhttp://www.gutenberg.org/ebooks/7962
942 _cEB
999 _c237262
_d237262